| 000 | 01038nam a2200253 a 4500 | ||
|---|---|---|---|
| 001 | 000031047 | ||
| 003 | DO-SdBNP | ||
| 005 | 20250630100924.0 | ||
| 008 | 090916s2002 dr 000 fbspa d | ||
| 020 | _a9993429252 | ||
| 040 |
_aDO-SdBNP _bspa _cBNPHU |
||
| 082 | 4 |
_a923.17293 _bT866c _222 |
|
| 100 | 1 |
_aCollado, Lipe, _d1947- _979819 |
|
| 245 | 1 | 0 |
_aAnécdotas y crueldades de Trujillo / _cLipe Collado. |
| 260 |
_aSanto Domingo : _bEditora Collado, _c2002. |
||
| 300 |
_a247 p. ; _c21 cm. |
||
| 500 | _aIncluye notas al pie de las páginas | ||
| 504 | _aBibliografía : p. 256-257 | ||
| 600 | 1 | 0 |
_aTrujillo Molina, Rafael Leónidas, _d1891-1961 _vAnécdotas, chistes y sátiras, etc. _922667 |
| 651 | 4 |
_aRepública Dominicana _xPolítica y gobierno _y1930-1961 _vAnécdotas, chistes, sátiras, etc. _922668 |
|
| 651 | 0 |
_aRepública Dominicana _xHistoria _yEra de Trujillo, 1930-1961 _vAnécdotas, chistes y sátiras, etc. _978796 |
|
| 910 | _aValidado. Control de calidad BNPHU | ||
| 942 |
_2ddc _cLBS1 |
||
| 999 |
_c30539 _d30539 |
||